Segunda Asamblea de Diputaciones Provinciales Españolas : Personal / ponencia del Iltre. Sr. Diputado Ponente del Personal de la Diputación Provincial de Barcelona, Pablo Alegre Personal / ponencia del Iltre. Sr. Diputado Ponente del Personal de la Diputación Provincial de Barcelona, Pablo Alegre

Publicat: Barcelona : [Diputación de Barcelona] , 1927
Descripció física: [6] p. ; 25 cm
Altres autors: Alegre, Pau

MARC

LEADER 00000nam a2200000Ia 4500
001 10762
003 BGR
005 20260410113711.0
008 160829s1927 xx 000 0 cat d
080 |a RF-10-26 
111 |a Asamblea de Diputaciones Provinciales Españolas  |c (Barcelona :  |d 1927)  |9 70426 
245 |a Segunda Asamblea de Diputaciones Provinciales Españolas :  |b  Personal / ponencia del Iltre. Sr. Diputado Ponente del Personal de la Diputación Provincial de Barcelona, Pablo Alegre 
260 |a Barcelona :  |b [Diputación de Barcelona],  |c 1927 
300 |a [6] p. ;  |c 25 cm 
650 |a Diputacions províncials  |x Congressos   |9 29718 
650 |a Administració províncial  |x Funcionaris i empleats  |9 38748 
700 |a Alegre, Pau   |9 38749 
710 1 |a Barcelona (Catalunya : Província).  |b Diputació  |9 52408 
856 4 |u https://media.diba.cat/diba/fitxers/arxiu/fulletons/bib_10762_1927_baixa.pdf  |y Accés lliure 
856 4 |u https://media.diba.cat/diba/fitxers/arxiu/fulletons/bib_10762_1927_baixa.pdf  |y Accés lliure 
900 |a bib_10762_1927_baixa.pdf 
901 |a Arxiu 
942 |n 1  |2 udc  |c MON 
952 |0 0  |1 0  |4 0  |6 RF1026  |7 1  |9 48577  |a Arxiu  |b Arxiu  |d 2016-12-01  |l 0  |o RF-10-26  |p 10762  |r 2016-12-01 00:00:00  |w 2016-12-01  |y ARXIU 
999 |c 52407  |d 52407